00439nam a2200085Ia 4500008004100000245001400041300023600055650001600291856004600307170517s9999 xx 000 0 und d aContagion aThe ghosts of men and women fill the walls of government hospitals across India. They stare silently, suspended in limbo between the living and the dead. These patients are the infected, victims of a contagion so lethal it kills... xTechnology. uhttp://topdocumentaryfilms.com/contagion/